[Event "4NCL/Div2a/OXF1 vs. BRJ"]
[Site "Sunningdale ENG"]
[Date "2008.10.04"]
[Round "1.1"]
[White "Savage, Ben D"]
[Black "Richmond, Peter A"]
[Result "1-0"]
[WhiteElo "2308"]
[BlackElo "2244"]
[PlyCount "45"]
[EventDate "2008.10.04"]
[SourceDate "2008.10.04"]

1. e4 c5 2. c3 Nf6 3. e5 Nd5 4. d4 cxd4 5. Nf3 e6 6. cxd4 b6 7. Bd3 Ba6 8. O-O
Be7 9. Nc3 Nxc3 10. bxc3 Qc8 11. Bg5 f6 12. exf6 gxf6 13. Bh6 Qxc3 14. Be4 d5
15. Rc1 Qxc1 16. Qxc1 dxe4 17. Nd2 Kf7 18. Re1 Rc8 19. Qd1 Rg8 20. Nxe4 Bb7 21.
Bf4 Rg6 22. Qh5 Kg7 23. Ng3 1-0

[Event "4NCL/Div2a/OXF1 vs. BRJ"]
[Site "Sunningdale ENG"]
[Date "2008.10.04"]
[Round "1.2"]
[White "Headlong, Timothy"]
[Black "White, Michael J R"]
[Result "1/2-1/2"]
[WhiteElo "2198"]
[BlackElo "2242"]
[PlyCount "50"]
[EventDate "2008.10.04"]
[SourceDate "2008.10.04"]

1. Nf3 Nf6 2. c4 g6 3. Nc3 Bg7 4. e4 d6 5. d4 O-O 6. Be2 e5 7. d5 Na6 8. O-O
Nc5 9. Qc2 a5 10. Bg5 Bd7 11. Nd2 h5 12. Kh1 Qe8 13. Rae1 Nh7 14. Be3 f5 15.
exf5 Bxf5 16. Nde4 Nxe4 17. Nxe4 c6 18. f3 Kh8 19. Qd2 Bxe4 20. fxe4 cxd5 21.
Qxd5 Qe7 22. c5 Nf6 23. Qxd6 Qe8 24. Qb6 Qa4 25. Bf3 Qxa2 1/2-1/2

[Event "4NCL/Div2a/OXF1 vs. BRJ"]
[Site "Sunningdale ENG"]
[Date "2008.10.04"]
[Round "1.3"]
[White "Shaw, David A"]
[Black "Girdlestone, Paul"]
[Result "1/2-1/2"]
[WhiteElo "2250"]
[BlackElo "2100"]
[PlyCount "65"]
[EventDate "2008.10.04"]
[SourceDate "2008.10.04"]

1. e4 e5 2. Nf3 Nc6 3. Bc4 Bc5 4. c3 Nf6 5. d3 a6 6. O-O O-O 7. Bg5 d6 8. Bb3
Be6 9. Bc2 Ba7 10. Nbd2 h6 11. Be3 d5 12. Bxa7 Rxa7 13. Qe2 Re8 14. Rad1 Qe7
15. Rfe1 Raa8 16. d4 Nxe4 17. Nxe4 dxe4 18. Qxe4 f5 19. Qe2 e4 20. d5 Bxd5 21.
Rxd5 exf3 22. Qxe7 Rxe7 23. Rxe7 Nxe7 24. Rd7 Re8 25. gxf3 Ng6 26. Kf1 Ne5 27.
Rxc7 Nxf3 28. Bb3+ Kh8 29. Kg2 Nh4+ 30. Kf1 Nf3 31. Kg2 Nh4+ 32. Kf1 Nf3 33.
Kg2 1/2-1/2

[Event "4NCL/Div2a/OXF1 vs. BRJ"]
[Site "Sunningdale ENG"]
[Date "2008.10.04"]
[Round "1.4"]
[White "Cabero, Pablo Padilla"]
[Black "Rawlinson, Aidan"]
[Result "1/2-1/2"]
[WhiteElo "2163"]
[BlackElo "2243"]
[PlyCount "92"]
[EventDate "2008.10.04"]
[SourceDate "2008.10.04"]

1. e4 c5 2. Nc3 e6 3. g3 d5 4. exd5 exd5 5. d4 Nc6 6. Bg2 cxd4 7. Nxd5 Bc5 8.
Qh5 Be6 9. Ne2 Qa5+ 10. Bd2 Qd8 11. Nef4 Bxd5 12. Bxd5 Qe7+ 13. Kf1 Nf6 14.
Bxf7+ Kf8 15. Qf5 Kxf7 16. Re1 Qd6 17. Re6 Ne7 18. Qh3 Qc7 19. Rxf6+ gxf6 20.
Qe6+ Ke8 21. Qxf6 Rf8 22. Qxf8+ Kxf8 23. Ne6+ Kf7 24. Nxc7 Rc8 25. Nb5 a6 26.
b4 axb5 27. bxc5 Rxc5 28. Ke2 Rxc2 29. Rb1 Rc5 30. a4 bxa4 31. Rxb7 Ke6 32. Ra7
Nc6 33. Rxa4 Kd5 34. h4 Ne5 35. Ra5 d3+ 36. Kd1 Rxa5 37. Bxa5 Nc4 38. Bc3 Ke4
39. h5 Kf3 40. Bd4 h6 41. Ke1 Kg4 42. f4 Kxh5 43. f5 Nd6 44. f6 Kg6 45. Kd2
Ne4+ 46. Kxd3 Nxg3 1/2-1/2

[Event "4NCL/Div2a/OXF1 vs. BRJ"]
[Site "Sunningdale ENG"]
[Date "2008.10.04"]
[Round "1.5"]
[White "Eckersley-Waites, Tom"]
[Black "Richmond, Jane"]
[Result "1-0"]
[WhiteElo "2222"]
[BlackElo "2145"]
[PlyCount "85"]
[EventDate "2008.10.04"]
[SourceDate "2008.10.04"]

1. e4 e6 2. d4 d5 3. e5 c5 4. c3 Ne7 5. Nf3 Nbc6 6. Na3 cxd4 7. cxd4 Nf5 8. Nc2
Be7 9. h4 h5 10. Bd3 Bd7 11. Bg5 Qb6 12. Bxf5 exf5 13. O-O Be6 14. Qd3 Bxg5 15.
Nxg5 Ne7 16. a4 Rc8 17. a5 Qxb2 18. Na3 Rc3 19. Qb5+ Qxb5 20. Nxb5 Rb3 21. Nd6+
Kd7 22. Rfb1 Rxb1+ 23. Rxb1 b6 24. axb6 Rb8 25. Ra1 a5 26. Rxa5 Nc6 27. Ra6
Nxd4 28. Ra7+ Kc6 29. Ndxf7 Rxb6 30. Nd8+ Kc5 31. Rxg7 Kc4 32. Rg6 Rb1+ 33. Kh2
Bc8 34. Rg7 Nb5 35. Nf3 Rb2 36. Rg6 Kd3 37. Rc6 Bd7 38. Rc5 d4 39. e6 Be8 40.
Nf7 Nc3 41. N7e5+ Ke2 42. Nxd4+ Kd2 43. Nc4+ 1-0

[Event "4NCL/Div2a/OXF1 vs. BRJ"]
[Site "Sunningdale ENG"]
[Date "2008.10.04"]
[Round "1.6"]
[White "Rabbitt, Michael"]
[Black "Smallbone, Kieran"]
[Result "1-0"]
[WhiteElo "2025"]
[BlackElo "2235"]
[PlyCount "83"]
[EventDate "2008.10.04"]
[SourceDate "2008.10.04"]

1. d4 Nf6 2. c4 c6 3. Nc3 d5 4. Nf3 dxc4 5. a4 Na6 6. e4 Bg4 7. Bxc4 e6 8. Be3
Be7 9. Bxa6 bxa6 10. O-O O-O 11. h3 Bh5 12. g4 Bg6 13. Nd2 Bb4 14. Qf3 Qa5 15.
Rfc1 Nd7 16. Nc4 Qc7 17. Bf4 Qb7 18. Nd6 Qb6 19. Rd1 f5 20. gxf5 exf5 21. Nc4
Qd8 22. e5 Nb6 23. Nxb6 Qxb6 24. Rac1 Bf7 25. Qg3 Rfe8 26. Kh2 Bf8 27. Rd2 Qb3
28. Qd3 Qb7 29. Qxf5 Bg6 30. Qg4 Qf7 31. Re1 Bf5 32. Qg3 Bb4 33. Rg1 Rad8 34.
Be3 Ba5 35. Qf4 Qe6 36. Rg3 Rf8 37. Qg5 Rd7 38. Rd1 c5 39. dxc5 Bd8 40. Qh5
Rxd1 41. Qxd1 Qxe5 42. Bd4 1-0

[Event "4NCL/Div2a/OXF1 vs. BRJ"]
[Site "Sunningdale ENG"]
[Date "2008.10.04"]
[Round "1.7"]
[White "Tidman, Sophie"]
[Black "Streeter, Harry"]
[Result "1/2-1/2"]
[WhiteElo "2095"]
[BlackElo "1924"]
[PlyCount "95"]
[EventDate "2008.10.04"]
[SourceDate "2008.10.04"]

1. e4 c5 2. Nf3 Nc6 3. d4 cxd4 4. Nxd4 g6 5. c4 Bg7 6. Be3 Nf6 7. Nc3 O-O 8.
Be2 d6 9. O-O Bd7 10. Nc2 Rc8 11. Qd2 Ne5 12. Na3 Neg4 13. Bd4 b6 14. Rfd1 Bh6
15. Qd3 Bc6 16. Qh3 e5 17. Bxg4 Nxg4 18. Bxe5 Nxe5 19. Qxh6 Qe7 20. Qd2 Rcd8
21. Nd5 Qh4 22. Re1 Bxd5 23. cxd5 Qg4 24. Qe2 Qh4 25. Nb5 a6 26. Nd4 Rfe8 27.
Rac1 Qf6 28. Nc6 Rc8 29. Rc3 Nxc6 30. dxc6 d5 31. e5 Qe6 32. c7 Re7 33. Qxa6
Rexc7 34. Rxc7 Rxc7 35. b4 d4 36. Qa8+ Kg7 37. Qe4 Rd7 38. a4 d3 39. Rd1 Qb3
40. Qf3 Qxb4 41. Qf6+ Kg8 42. e6 Qb3 43. Rc1 Qc2 44. exf7+ Kf8 45. Qh8+ Kxf7
46. Qxh7+ Kf6 47. Qh8+ Kf7 48. Qh7+ 1/2-1/2

[Event "4NCL/Div2a/OXF1 vs. BRJ"]
[Site "Sunningdale ENG"]
[Date "2008.10.04"]
[Round "1.8"]
[White "Coats, Robbie J"]
[Black "Dickinson, Timothy R"]
[Result "0-1"]
[WhiteElo "1820"]
[BlackElo "2158"]
[PlyCount "92"]
[EventDate "2008.10.04"]
[SourceDate "2008.10.04"]

1. e4 c6 2. d4 d5 3. exd5 cxd5 4. Bd3 Nf6 5. Nf3 Bg4 6. c3 Qc7 7. Qa4+ Bd7 8.
Qc2 Nc6 9. O-O Bg4 10. Nbd2 e6 11. Re1 Bd6 12. c4 Bxf3 13. Nxf3 Nb4 14. Qa4+
Qd7 15. Qb3 Nxd3 16. Qxd3 dxc4 17. Qxc4 Rc8 18. Qb3 O-O 19. Bg5 Nd5 20. Rac1 h6
21. Bh4 Bf4 22. Ne5 Qd6 23. Rxc8 Rxc8 24. Qxb7 Qc7 25. Qxc7 Rxc7 26. Nd3 Rc4
27. Nxf4 Nxf4 28. f3 Rc2 29. g4 Rxb2 30. Bg3 Ne2+ 31. Kf1 Nxg3+ 32. hxg3 Rxa2
33. Rc1 g6 34. Rc7 Kg7 35. Rb7 a5 36. Ra7 a4 37. Rc7 Rd2 38. Ra7 Rxd4 39. Ke2
Rb4 40. Ke3 Rb3+ 41. Ke4 a3 42. Ra6 g5 43. Ra7 Kg6 44. Ra6 Rc3 45. Rb6 Rc4+ 46.
Kd3 Ra4 0-1

[Event "4NCL/Div2a/ANGA vs. BARY"]
[Site "Sunningdale ENG"]
[Date "2008.10.04"]
[Round "1.1"]
[White "Munson, Shaun D"]
[Black "Hodgson, John H"]
[Result "1/2-1/2"]
[WhiteElo "2168"]
[BlackElo "2194"]
[PlyCount "72"]
[EventDate "2008.10.04"]
[SourceDate "2008.10.04"]

1. d4 Nf6 2. Bg5 c5 3. Nc3 cxd4 4. Qxd4 Nc6 5. Qh4 b5 6. O-O-O a6 7. e4 d6 8.
Nf3 Bd7 9. Bd3 e6 10. e5 Nxe5 11. Nxe5 dxe5 12. Rhe1 Be7 13. Rxe5 Qc7 14. Re2
Bc6 15. f4 b4 16. Ne4 Nxe4 17. Bxe4 Bxe4 18. Rxe4 f6 19. Rxe6 O-O 20. Qe1 Rfc8
21. Rd2 Bf8 22. Bh4 Qxf4 23. Bg3 Qf5 24. Qe4 Qxe4 25. Rxe4 Re8 26. Rxe8 Rxe8
27. Kd1 Kf7 28. Rd7+ Re7 29. Rxe7+ Bxe7 30. Kd2 Ke6 31. Kd3 Kd5 32. c4+ bxc3
33. bxc3 f5 34. c4+ Kc6 35. h4 g6 36. Kd4 Bf6+ 1/2-1/2

[Event "4NCL/Div2a/ANGA vs. BARY"]
[Site "Sunningdale ENG"]
[Date "2008.10.04"]
[Round "1.2"]
[White "Franklin, Samuel"]
[Black "Spence, David"]
[Result "1/2-1/2"]
[WhiteElo "2156"]
[BlackElo "2214"]
[PlyCount "58"]
[EventDate "2008.10.04"]
[SourceDate "2008.10.04"]

1. e4 e6 2. d4 d5 3. Nc3 Bb4 4. e5 c5 5. a3 Ba5 6. b4 cxd4 7. Qg4 Ne7 8. bxa5
dxc3 9. Qxg7 Rg8 10. Qxh7 Nbc6 11. Nf3 Qc7 12. Bf4 Bd7 13. a6 b6 14. Bd3 O-O-O
15. Bg3 Rh8 16. Qg7 Rdg8 17. Qf6 Be8 18. O-O Rh5 19. Qf4 Nf5 20. Rfe1 Nce7 21.
Rab1 Nxg3 22. fxg3 Nc6 23. g4 Rhh8 24. Kh1 Qe7 25. Rb3 Qc5 26. h3 Na5 27. Rb4
Nc6 28. Rb3 Na5 29. Rb4 Nc6 1/2-1/2

[Event "4NCL/Div2a/ANGA vs. BARY"]
[Site "Sunningdale ENG"]
[Date "2008.10.04"]
[Round "1.3"]
[White "Talsma, Paul A"]
[Black "Coleman, David"]
[Result "1-0"]
[WhiteElo "2237"]
[BlackElo "2209"]
[PlyCount "65"]
[EventDate "2008.10.04"]
[SourceDate "2008.10.04"]

1. d4 Nf6 2. c4 Nc6 3. Nf3 e6 4. a3 d6 5. Nc3 g6 6. h3 Bg7 7. Bg5 h6 8. Bh4 g5
9. Bg3 Nh5 10. Bh2 f5 11. e3 Nf6 12. Qc2 O-O 13. Be2 Qe7 14. d5 Nd8 15. Nd4 c5
16. dxc6 bxc6 17. Bf3 Bb7 18. Rd1 Ne8 19. b4 a6 20. O-O Rc8 21. Na4 Qf6 22. Nb6
Rc7 23. c5 e5 24. Nxf5 d5 25. Bg4 Rff7 26. e4 Bh8 27. exd5 cxd5 28. Nxd5 Bxd5
29. Rxd5 Nc6 30. Nd6 Nd4 31. Rxd4 Nxd6 32. Rd5 Qe7 33. Qg6+ 1-0

[Event "4NCL/Div2a/ANGA vs. BARY"]
[Site "Sunningdale ENG"]
[Date "2008.10.04"]
[Round "1.4"]
[White "Ynojosa, Felix J"]
[Black "Gregory, Stephen J"]
[Result "1-0"]
[WhiteElo "2145"]
[BlackElo "2187"]
[PlyCount "101"]
[EventDate "2008.10.04"]
[SourceDate "2008.10.04"]

1. e4 d6 2. d4 Nf6 3. Bd3 Nc6 4. Ne2 e5 5. d5 Ne7 6. c4 Ng6 7. Ng3 Nh4 8. O-O
Be7 9. f3 c6 10. Be3 cxd5 11. cxd5 O-O 12. Nc3 Ne8 13. f4 exf4 14. Bxf4 Qb6+
15. Rf2 Bf6 16. Na4 Qd8 17. Qd2 Ng6 18. Be3 Be5 19. Nf5 Bxf5 20. Rxf5 b5 21.
Nc3 b4 22. Ne2 Nf6 23. h3 Nd7 24. Nd4 Qh4 25. Nf3 Qe7 26. Bb5 a6 27. Bc6 Rab8
28. Ba7 Rbc8 29. Qxb4 Nf6 30. Bb6 Rb8 31. Qa5 Bxb2 32. Re1 Ne5 33. Nxe5 Bxe5
34. Rf3 Nxe4 35. Rxe4 Bh2+ 36. Kxh2 Qxe4 37. Bc7 Qe5+ 38. Rg3 Rb1 39. Qc3 f6
40. Qxe5 fxe5 41. Bxd6 Rff1 42. Re3 h5 43. Be7 Rfe1 44. Rxe1 Rxe1 45. Be8 e4
46. Bxh5 e3 47. d6 e2 48. Bxe2 Kf7 49. Bh5+ Ke6 50. Bg4+ Kf7 51. Bh4 1-0

[Event "4NCL/Div2a/ANGA vs. BARY"]
[Site "Sunningdale ENG"]
[Date "2008.10.04"]
[Round "1.5"]
[White "Player, Edmund C"]
[Black "Moore, John C"]
[Result "1/2-1/2"]
[WhiteElo "2125"]
[BlackElo "2063"]
[PlyCount "81"]
[EventDate "2008.10.04"]
[SourceDate "2008.10.04"]

1. e4 e5 2. Nc3 Nc6 3. Bc4 Nf6 4. d3 Bc5 5. f4 d6 6. Nf3 Bg4 7. Na4 Bb6 8. Nxb6
axb6 9. Bb5 O-O 10. Bxc6 bxc6 11. fxe5 dxe5 12. O-O Qd6 13. Kh1 Nd7 14. Qe1 f6
15. Be3 c5 16. a3 Rf7 17. Nh4 Nf8 18. Qg3 Bd7 19. Rf2 Kh8 20. Raf1 Re8 21. Rd2
Qe6 22. h3 Qc6 23. b3 Be6 24. Rdf2 Ra8 25. Nf3 Ng6 26. h4 Rxa3 27. h5 Nf4 28.
Bxf4 exf4 29. Qxf4 Qd6 30. Qxd6 cxd6 31. Ng5 Re7 32. Nxe6 Rxe6 33. h6 Ra2 34.
hxg7+ Kxg7 35. Kh2 Kg6 36. Kg3 h6 37. Kf4 b5 38. Rh1 c4 39. dxc4 bxc4 40. bxc4
Ra4 41. Re2 1/2-1/2

[Event "4NCL/Div2a/ANGA vs. BARY"]
[Site "Sunningdale ENG"]
[Date "2008.10.04"]
[Round "1.6"]
[White "Wells, Daniel"]
[Black "Cook, Michael"]
[Result "1/2-1/2"]
[WhiteElo "2012"]
[BlackElo "2056"]
[PlyCount "48"]
[EventDate "2008.10.04"]
[SourceDate "2008.10.04"]

1. e4 e5 2. Nf3 Nc6 3. Bb5 Nf6 4. O-O Bc5 5. d3 Nd4 6. Nxd4 Bxd4 7. c3 Bb6 8.
Bg5 h6 9. Bh4 c6 10. Ba4 d6 11. Na3 g5 12. Bg3 Bg4 13. Qd2 Nh5 14. d4 Nf4 15.
Nc4 Bc7 16. Ne3 Bd7 17. Rad1 Qe7 18. d5 Rd8 19. c4 Bb6 20. b4 Bxe3 21. Qxe3
cxd5 22. Bxd7+ Qxd7 23. exd5 O-O 24. Rd2 b6 1/2-1/2

[Event "4NCL/Div2a/ANGA vs. BARY"]
[Site "Sunningdale ENG"]
[Date "2008.10.04"]
[Round "1.7"]
[White "Wallis, Ian"]
[Black "O'Toole, George E"]
[Result "1/2-1/2"]
[WhiteElo "1951"]
[BlackElo "2054"]
[PlyCount "67"]
[EventDate "2008.10.04"]
[SourceDate "2008.10.04"]

1. e4 e5 2. Nf3 Nc6 3. Bb5 a6 4. Ba4 Nf6 5. O-O Be7 6. Qe2 b5 7. Bb3 O-O 8. c3
d5 9. d3 Re8 10. Nbd2 Bf8 11. exd5 Nxd5 12. Ne4 f5 13. Ng3 g6 14. Bg5 Qd7 15.
Rfe1 Bb7 16. Qd2 Kh8 17. a3 Bg7 18. Rad1 Nf6 19. Bh6 Na5 20. Ba2 e4 21. Bxg7+
Kxg7 22. Nd4 Bd5 23. Bxd5 Qxd5 24. dxe4 fxe4 25. Ndf5+ Kg8 26. Nh6+ Kg7 27.
Ngf5+ Kf8 28. Qxd5 Nxd5 29. Rxd5 gxf5 30. Rxf5+ Kg7 31. Ng4 Nc4 32. Rg5+ Kf7
33. Rc5 Re7 34. Ne3 1/2-1/2

[Event "4NCL/Div2a/ANGA vs. BARY"]
[Site "Sunningdale ENG"]
[Date "2008.10.04"]
[Round "1.8"]
[White "Cumming, Rhys"]
[Black "Egorova, Anna"]
[Result "1-0"]
[WhiteElo "1894"]
[BlackElo "1840"]
[PlyCount "75"]
[EventDate "2008.10.04"]
[SourceDate "2008.10.04"]

1. e4 c6 2. d4 d5 3. exd5 cxd5 4. c4 Nf6 5. Nc3 e6 6. Nf3 Nc6 7. cxd5 Nxd5 8.
Bd3 Be7 9. O-O O-O 10. Re1 Nf6 11. Be3 b6 12. Ne5 Bb7 13. Rc1 Nb4 14. Bb1 Nbd5
15. Bg5 Rc8 16. Qd3 g6 17. Bh6 Re8 18. Qg3 Nh5 19. Qf3 Nhf6 20. Ne4 Nc7 21.
Nxf6+ Bxf6 22. Qxb7 Bxe5 23. dxe5 Nd5 24. Rxc8 Qxc8 25. Qxc8 Rxc8 26. Rc1 Rd8
27. Be4 Nc7 28. h3 Nb5 29. Bc2 Nc7 30. Bg5 Rd4 31. Bf6 Ne8 32. Bg5 Rd5 33. f4
Kg7 34. Bb3 Rc5 35. Rxc5 bxc5 36. Be7 f6 37. exf6+ Nxf6 38. Bxc5 1-0

[Event "4NCL/Div2a/JUTK vs. PANDG"]
[Site "Sunningdale ENG"]
[Date "2008.10.04"]
[Round "1.1"]
[White "Williams, Simon K"]
[Black "Civin, Tomas"]
[Result "1/2-1/2"]
[WhiteElo "2494"]
[BlackElo "2419"]
[PlyCount "96"]
[EventDate "2008.10.04"]
[SourceDate "2008.10.04"]

1. d4 d6 2. e4 g6 3. c4 Bg7 4. Nc3 Nf6 5. Nge2 O-O 6. Ng3 c5 7. d5 e6 8. Be2
exd5 9. exd5 Nbd7 10. O-O Ne8 11. Bf4 f5 12. Qd2 Ne5 13. Bh6 Bd7 14. Bxg7 Kxg7
15. f4 Nf7 16. a3 Qf6 17. b4 a6 18. Rab1 b5 19. cxb5 Qd4+ 20. Qxd4+ cxd4 21.
Na4 Bxb5 22. Nb6 Ra7 23. a4 Bxe2 24. Nxe2 Rb7 25. a5 d3 26. Nd4 Nc7 27. Rfd1
Re8 28. Rxd3 Re4 29. Rc1 Kf6 30. g3 h6 31. h4 h5 32. Rc6 Ne8 33. b5 axb5 34. a6
Ra7 35. Nc8 Ra8 36. Nxb5 Nd8 37. Nb6 Nxc6 38. Nxa8 Nb4 39. Ra3 Nxd5 40. a7 Rb4
41. Ra5 Ke7 42. Kf2 Nef6 43. Nc3 Rb2+ 44. Kf1 Nxc3 45. Nc7 Nfe4 46. a8=Q Rf2+
47. Ke1 Re2+ 48. Kf1 Rf2+ 1/2-1/2

[Event "4NCL/Div2a/JUTK vs. PANDG"]
[Site "Sunningdale ENG"]
[Date "2008.10.04"]
[Round "1.2"]
[White "Ashton, Adam G"]
[Black "Harakis, Alexis"]
[Result "1/2-1/2"]
[WhiteElo "2325"]
[BlackElo "2252"]
[PlyCount "131"]
[EventDate "2008.10.04"]
[SourceDate "2008.10.04"]

1. e4 e5 2. Nf3 Nc6 3. Bb5 a6 4. Ba4 Nf6 5. O-O Be7 6. Re1 b5 7. Bb3 d6 8. c3
O-O 9. h3 Nb8 10. d4 Nbd7 11. Nbd2 Bb7 12. Bc2 Re8 13. Nf1 Bf8 14. Ng3 g6 15.
a4 c6 16. Bg5 h6 17. Be3 Qc7 18. Qd2 Kh7 19. Nh2 Nb6 20. Bb3 c5 21. d5 bxa4 22.
Ba2 a5 23. Ng4 Nxg4 24. hxg4 Ba6 25. f3 Bc4 26. Bb1 Bb5 27. Ba2 Bc4 28. Bb1 Bb5
29. Qc2 Nc4 30. Bc1 Be7 31. Kf2 Bg5 32. Rh1 Kg7 33. Ba2 Nb6 34. Rh2 c4 35. Bd2
Nd7 36. Rah1 Rh8 37. Bxg5 hxg5 38. Qd2 f6 39. Rxh8 Rxh8 40. Rxh8 Kxh8 41. Nf1
a3 42. bxa3 Qc5+ 43. Ne3 Qxa3 44. Bxc4 Bxc4 45. Nxc4 Qc5+ 46. Ne3 Nb6 47. Ke2
a4 48. Qd3 Qa5 49. Nc4 Qb5 50. Nxb6 Qb2+ 51. Kd1 Qxb6 52. Qc4 Qg1+ 53. Kc2
Qxg2+ 54. Kb1 Qxf3 55. Qxa4 Kg7 56. Qd7+ Kh6 57. Qe8 Qxe4+ 58. Kb2 Qe2+ 59. Kb3
Qd1+ 60. Kb2 Qd2+ 61. Kb1 Qe1+ 62. Kb2 Qf2+ 63. Kb3 Qb6+ 64. Kc2 Qf2+ 65. Kb3
Qb6+ 66. Kc2 1/2-1/2

[Event "4NCL/Div2a/JUTK vs. PANDG"]
[Site "Sunningdale ENG"]
[Date "2008.10.04"]
[Round "1.3"]
[White "Mack, Andy"]
[Black "Walton, Alan J"]
[Result "1-0"]
[WhiteElo "2235"]
[BlackElo "2193"]
[PlyCount "83"]
[EventDate "2008.10.04"]
[SourceDate "2008.10.04"]

1. e4 e6 2. d4 d5 3. Nd2 Nf6 4. e5 Nfd7 5. c3 c5 6. Bd3 Nc6 7. Ngf3 f6 8. exf6
Qxf6 9. O-O Bd6 10. Re1 O-O 11. Bxh7+ Kxh7 12. Rxe6 Bxh2+ 13. Kxh2 Qf5 14. Nf1
Nf6 15. Ng3 Qg6 16. Re2 cxd4 17. cxd4 Kg8 18. Qc2 Qxc2 19. Rxc2 Bg4 20. Be3
Rae8 21. Rc3 Re7 22. a3 a6 23. b4 Rfe8 24. Nd2 Bd7 25. Kg1 Ng4 26. Ngf1 Rf7 27.
Rac1 Ref8 28. Nf3 Bf5 29. Rc5 Rd7 30. N1d2 Re8 31. R5c3 Rde7 32. Nf1 Na7 33.
Rc5 Rd7 34. a4 Bd3 35. Rc7 Ree7 36. Rxd7 Rxd7 37. Bd2 Nc6 38. Ne3 Nf6 39. Rc3
Bg6 40. b5 axb5 41. axb5 Ne7 42. Ne5 1-0

[Event "4NCL/Div2a/JUTK vs. PANDG"]
[Site "Sunningdale ENG"]
[Date "2008.10.04"]
[Round "1.4"]
[White "Cumbers, Paul"]
[Black "Rich, Mark"]
[Result "1-0"]
[WhiteElo "2165"]
[BlackElo "2170"]
[PlyCount "77"]
[EventDate "2008.10.04"]
[SourceDate "2008.10.04"]

1. d4 f5 2. g3 Nf6 3. Bg2 g6 4. Nf3 Bg7 5. O-O O-O 6. c4 d6 7. Nc3 c6 8. d5 Qe8
9. Nd4 Bd7 10. b3 Na6 11. Bb2 e5 12. dxe6 Bxe6 13. Qd2 Rd8 14. Rae1 Bf7 15. e4
fxe4 16. Nxe4 Nxe4 17. Rxe4 Qd7 18. Rfe1 Rfe8 19. Rxe8+ Rxe8 20. Rxe8+ Qxe8 21.
Nf3 Bxb2 22. Qxb2 Qe4 23. Ng5 Qe1+ 24. Bf1 Qe7 25. Nxf7 Kxf7 26. Qh8 h5 27. Bd3
Qg5 28. h4 Qg4 29. Qh7+ Kf6 30. Qxb7 Nc5 31. Qxc6 Qd4 32. Qf3+ Kg7 33. Bf1 Ne4
34. Bg2 Nc3 35. a3 a5 36. Kh2 a4 37. bxa4 Qxc4 38. a5 Nb5 39. a6 1-0

[Event "4NCL/Div2a/JUTK vs. PANDG"]
[Site "Sunningdale ENG"]
[Date "2008.10.04"]
[Round "1.5"]
[White "Rice, Chris"]
[Black "Dilley, Jason M"]
[Result "1/2-1/2"]
[WhiteElo "2107"]
[BlackElo "2156"]
[PlyCount "42"]
[EventDate "2008.10.04"]
[SourceDate "2008.10.04"]

1. c4 e5 2. g3 g6 3. Bg2 Bg7 4. Nc3 d6 5. e4 Nc6 6. Nge2 Nge7 7. O-O O-O 8. d3
f5 9. Nd5 h6 10. Nxe7+ Qxe7 11. exf5 Bxf5 12. Be3 Kh7 13. Qd2 a5 14. Rae1 Qd7
15. d4 Bh3 16. d5 Ne7 17. Nc3 Bxg2 18. Kxg2 Nf5 19. Ne4 b6 20. b3 Rae8 21. Qd3
Nxe3+ 1/2-1/2

[Event "4NCL/Div2a/JUTK vs. PANDG"]
[Site "Sunningdale ENG"]
[Date "2008.10.04"]
[Round "1.6"]
[White "Birtwhistle, Nigel"]
[Black "Donovan, Nigel"]
[Result "1-0"]
[WhiteElo "2106"]
[BlackElo "2093"]
[PlyCount "75"]
[EventDate "2008.10.04"]
[SourceDate "2008.10.04"]

1. e4 c5 2. c3 Nf6 3. e5 Nd5 4. d4 cxd4 5. Nf3 e6 6. cxd4 b6 7. a3 Bb7 8. Bd3
d6 9. O-O Nd7 10. Qe2 Qc7 11. Bd2 a6 12. Rc1 Qb8 13. b4 dxe5 14. dxe5 g6 15.
Nc3 Bg7 16. Nxd5 Bxd5 17. Be4 Bxe4 18. Qxe4 O-O 19. Bc3 Ra7 20. Bb2 Qb7 21.
Qxb7 Rxb7 22. Rc6 Rfb8 23. Rd1 Nf8 24. g3 Rd7 25. Rxd7 Nxd7 26. Rd6 Rb7 27. Rc6
Bf8 28. Rc8 Kg7 29. Kg2 b5 30. Ra8 Nb8 31. Bd4 Be7 32. Be3 Bd8 33. Bc5 Bc7 34.
Kf1 Nc6 35. Bf8+ Kg8 36. Bh6+ Nb8 37. Ke2 Rb6 38. Bg5 1-0

[Event "4NCL/Div2a/JUTK vs. PANDG"]
[Site "Sunningdale ENG"]
[Date "2008.10.04"]
[Round "1.7"]
[White "Howell, Christopher"]
[Black "Coates, David"]
[Result "1/2-1/2"]
[WhiteElo "2101"]
[BlackElo "2012"]
[PlyCount "134"]
[EventDate "2008.10.04"]
[SourceDate "2008.10.04"]

1. e4 c5 2. a3 g6 3. b4 Bg7 4. Nc3 d6 5. Nf3 e5 6. bxc5 dxc5 7. Bc4 Ne7 8. d3
Nbc6 9. O-O O-O 10. Rb1 Nd4 11. Bg5 Qd6 12. Bxe7 Qxe7 13. Nd5 Qd8 14. c3 Nc6
15. Qd2 b6 16. h3 h6 17. Ne3 Qd6 18. Bd5 Bb7 19. Nc4 Qc7 20. Rb2 Rad8 21. Rfb1
Ba8 22. Qe3 Ne7 23. Bxa8 Rxa8 24. a4 Rab8 25. Nfd2 Rfd8 26. a5 Nc8 27. Rb5 Qd7
28. axb6 axb6 29. Nf3 Qxd3 30. Nfxe5 Qxe3 31. fxe3 Nd6 32. Nxd6 Rxd6 33. Nc4
Rd3 34. R1b3 Re8 35. Rxb6 Rxe4 36. Nd6 Rexe3 37. Rb8+ Kh7 38. Nxf7 Re7 39. Nd8
Rxc3 40. Rxc3 Bxc3 41. Rb7 Rxb7 42. Nxb7 Kg7 43. Kf1 Bd4 44. Ke2 Kf6 45. Nd6
Ke6 46. Nc4 Kd5 47. Kd3 h5 48. Nd2 Be5 49. Nc4 Bd4 50. Nd2 h4 51. Nc4 g5 52.
Nd2 Ke5 53. Nc4+ Kf4 54. Ke2 Kg3 55. Kf1 Kh2 56. Nd2 Be3 57. Nc4 Bf4 58. Nb2
Kg3 59. Nc4 Bc1 60. Ne5 Ba3 61. Nc4 Bb4 62. Nd6 Kf4 63. Ke2 Ke5 64. Nf7+ Kf6
65. Nd6 Ke6 66. Nc4 Kd5 67. Kd3 Be1 1/2-1/2

[Event "4NCL/Div2a/JUTK vs. PANDG"]
[Site "Sunningdale ENG"]
[Date "2008.10.04"]
[Round "1.8"]
[White "Gallagher, Marie"]
[Black "Wilson, Alexandra"]
[Result "1/2-1/2"]
[WhiteElo "1825"]
[BlackElo "2026"]
[PlyCount "132"]
[EventDate "2008.10.04"]
[SourceDate "2008.10.04"]

1. e4 e6 2. d4 d5 3. exd5 exd5 4. Nf3 Bg4 5. Be2 Bd6 6. Bg5 Ne7 7. Nc3 c6 8. h3
Bh5 9. Qd2 Qc7 10. g4 Bg6 11. Nh4 Nd7 12. Ng2 O-O-O 13. Bd3 Rde8 14. O-O-O Bxd3
15. Qxd3 h6 16. Bd2 Kb8 17. Qf3 Rhf8 18. Bf4 f5 19. g5 hxg5 20. Bxg5 Ng6 21. h4
f4 22. h5 Ne7 23. h6 gxh6 24. Rxh6 Rg8 25. Rxd6 Rxg5 26. Rxd7 Qxd7 27. Qxf4+
Kc8 28. Qxg5 Rg8 29. Qf6 Rxg2 30. Re1 Nf5 31. f4 Rg7 32. Rh1 Re7 33. Kd2 Kc7
34. Rh5 Ne3 35. b3 Re6 36. Qh4 Re7 37. Re5 Nf5 38. Rxf5 Rh7 39. Qf6 Rh2+ 40.
Ne2 Kb6 41. Qf7 Qd6 42. Qf8 Qe6 43. Re5 Qg4 44. Qf5 Rxe2+ 45. Kc3 Qg3+ 46. Qd3
Qe1+ 47. Kb2 Re4 48. f5 Rxe5 49. dxe5 Qxe5+ 50. c3 Kc7 51. Qf3 Qf6 52. Qf4+ Kc8
53. Qg4 Kd7 54. Qf4 b5 55. Qf2 Kd6 56. Qf4+ Kd7 57. Qf2 Kd6 58. Qf4+ Kd7 59.
Kc2 a5 60. a3 Qe7 61. Qg4 Qf6 62. Kd3 c5 63. Qf3 Kd6 64. Qg3+ Kd7 65. Qf3 Kd6
66. Qf4+ Kd7 1/2-1/2

[Event "4NCL/Div2a/WES2 vs. PPA1"]
[Site "Sunningdale ENG"]
[Date "2008.10.04"]
[Round "1.1"]
[White "Pleasants, Allan J"]
[Black "Swanson, Stephen"]
[Result "0-1"]
[WhiteElo "2100"]
[BlackElo "2225"]
[PlyCount "126"]
[EventDate "2008.10.04"]
[SourceDate "2008.10.04"]

1. e4 g6 2. d4 Bg7 3. Bc4 d6 4. Nf3 a6 5. Bb3 e6 6. Bg5 Ne7 7. Qd2 h6 8. Be3
Nd7 9. Nc3 b6 10. O-O Bb7 11. Rad1 Nf6 12. Qd3 O-O 13. e5 Nfd5 14. Bc1 Nxc3 15.
Qxc3 Qd7 16. Rfe1 Rfd8 17. Qe3 Nf5 18. Qe2 Bxf3 19. Qxf3 dxe5 20. dxe5 Qe7 21.
c3 Rxd1 22. Bxd1 Rd8 23. Bc2 Rd5 24. Bf4 Qd8 25. Be4 Rd7 26. Qe2 g5 27. Bxf5
gxf4 28. Bc2 Rd2 29. Qe4 Qd5 30. Qxd5 Rxd5 31. Rd1 Rxe5 32. Rd8+ Bf8 33. Kf1
Kg7 34. Rd4 Rb5 35. b4 Rh5 36. Rxf4 Rxh2 37. Rc4 Rh1+ 38. Ke2 Bd6 39. Rg4+ Kf6
40. Bb3 h5 41. Re4 Kg5 42. g3 Rb1 43. Rc4 Rb2+ 44. Ke3 f5 45. Rh4 f4+ 46. Kf3
Rd2 47. Bxe6 fxg3 48. fxg3 Rd3+ 49. Ke4 Rxg3 50. Rh3 Rg2 51. a4 a5 52. bxa5
bxa5 53. c4 h4 54. Kd5 Bg3 55. Kc5 Rb2 56. Bd7 Kf6 57. Rh1 Ke7 58. Bb5 Re2 59.
Kc6 Re6+ 60. Kd5 Rh6 61. Rh3 Rd6+ 62. Ke4 c6 63. Ba6 Rd1 0-1